|
|
|
|
| LEADER |
00000caa a22000002c 4500 |
| 001 |
1912576198 |
| 003 |
DE-627 |
| 005 |
20250116055018.0 |
| 007 |
tu |
| 008 |
241217s2014 xx ||||| 00| ||eng c |
| 035 |
|
|
|a (DE-627)1912576198
|
| 035 |
|
|
|a (DE-599)KXP1912576198
|
| 040 |
|
|
|a DE-627
|b ger
|c DE-627
|e rda
|
| 041 |
|
|
|a eng
|
| 084 |
|
|
|a 2,1
|2 ssgn
|
| 100 |
1 |
|
|a Farrell, Penny C.
|e VerfasserIn
|4 aut
|
| 245 |
1 |
0 |
|a Hospital visits due to domestic violence from 1994 to 2011 in the Solomon Islands: A descriptive case series
|
| 264 |
|
1 |
|c 2014
|
| 336 |
|
|
|a Text
|b txt
|2 rdacontent
|
| 337 |
|
|
|a ohne Hilfsmittel zu benutzen
|b n
|2 rdamedia
|
| 338 |
|
|
|a Band
|b nc
|2 rdacarrier
|
| 700 |
1 |
|
|a Martiniuk, Alexandra L.C.
|e VerfasserIn
|4 aut
|
| 700 |
1 |
|
|a Rimon, Mia
|e VerfasserIn
|4 aut
|
| 700 |
1 |
|
|a Leon, David P.
|e VerfasserIn
|4 aut
|
| 700 |
1 |
|
|a Munamua, Alex B.
|e VerfasserIn
|4 aut
|
| 700 |
1 |
|
|a Houasia, Patrick
|e VerfasserIn
|4 aut
|
| 700 |
1 |
|
|a Negin, Joel
|e VerfasserIn
|0 (DE-588)1142832066
|0 (DE-627)1002305268
|0 (DE-576)494897589
|4 aut
|
| 773 |
0 |
8 |
|i Enthalten in
|t Hawai'i journal of medicine & public health
|d Honolulu, Hawaii : Univ. Clinical, Education & Research Associates, 2012
|g 73(2014), 9, Seite 276-282
|w (DE-627)688081886
|w (DE-600)2653459-9
|w (DE-576)9688081884
|x 2165-8218
|7 nnas
|
| 773 |
1 |
8 |
|g volume:73
|g year:2014
|g number:9
|g pages:276-282
|
| 787 |
0 |
8 |
|i Forschungsdaten
|a United States Department of Health and Human Services. Substance Abuse and Mental Health Services Administration. Center for Behavioral Health Statistics and Quality
|t National Survey on Drug Use and Health, 2012
|d [Erscheinungsort nicht ermittelbar] : [Verlag nicht ermittelbar], 2013
|w (DE-627)1840045205
|
| 935 |
|
|
|a mkri
|
| 951 |
|
|
|a AR
|
| ELC |
|
|
|b 1
|
| LOK |
|
|
|0 000 xxxxxcx a22 zn 4500
|
| LOK |
|
|
|0 001 4637541697
|
| LOK |
|
|
|0 003 DE-627
|
| LOK |
|
|
|0 004 1912576198
|
| LOK |
|
|
|0 005 20241217044536
|
| LOK |
|
|
|0 008 241217||||||||||||||||ger|||||||
|
| LOK |
|
|
|0 035
|a (DE-2619)ICPSR117243
|
| LOK |
|
|
|0 040
|a DE-2619
|c DE-627
|d DE-2619
|
| LOK |
|
|
|0 092
|o n
|
| LOK |
|
|
|0 852
|a DE-2619
|
| LOK |
|
|
|0 852 1
|9 00
|
| LOK |
|
|
|0 935
|a nacp
|
| LOK |
|
|
|0 939
|a 17-12-24
|b l01
|
| ORI |
|
|
|a SA-MARC-krimdoka001.raw
|